000 00681nam a2200205 4500
001 114281
003 ES-MaACL
005 20230906190122.0
007 t|
008 061121s1969 sp r ||||1| spa d
100 1 _aPallarés Moreno, Manuel.
_988584
245 1 3 _aLa coordinación de la administración periférica en España /
_cManuel Pallarés Moreno.
260 _aMadrid :
_bMinisterio de la Gobernación, Secretaría General Técnica,
_c1969.
300 _a245 p. ;
_c21 cm.
490 1 _aEstudios ;
_v11
710 1 _aEspaña.
_bMinisterio de Gobernación.
_93872
830 0 _aEstudios ;
_v11
_9177349
852 _aES-MaACL
_j89712
_bR.E-5401
999 _c114281
_d114281